Computer graphics lecture notes for foreign students

Bibliographic Details
Main Author: Sobota, Branislav, 1967- (Author)
Format: Software eBook
Language:English
PhysicalDescription:1 CD-ROM farebný 12 cm
Published: Košice Technical University of Košice 2019
ISBN:9788055333434
Edition:1.st edition
Subjects:

MARC

LEADER 00000nam a2200000 4500
001 vtls012015954
003 SK-MaSNL
005 20260302024447.0
007 co cg auuua
008 210225s2019 xo | fqp 000 0deng
015 |a SNBS2021 
020 |a 9788055333434  |q (elektronická kniha) 
040 |a SNK  |b slo  |c SNK  |e rda 
041 0 |a eng 
044 |a xo  |c SK 
072 7 |a 004.9  |x Špeciálne počítačové metódy. Počítačová grafika  |2 konspekt 
080 |a 004.92  |2 2011 
080 |a 004.03  |2 2011 
080 |a 004.946  |2 2011 
080 |a (075.8)  |2 2011 
080 |a (0.034.44)  |2 2011 
100 1 |a Sobota, Branislav,  |d 1967-  |4 aut  |9 223840 
245 1 0 |a Computer graphics  |b lecture notes for foreign students  |c Branislav Sobota 
250 |a 1.st edition 
264 1 |a Košice  |b Technical University of Košice  |c 2019 
300 |a 1 CD-ROM  |b farebný  |c 12 cm 
336 |a text  |b txt  |2 rdacontent 
337 |a počítač  |b c  |2 rdamedia 
338 |a počítačový disk  |b cd  |2 rdacarrier 
347 |a textový súbor  |b PDF  |2 rda 
366 |e 100 kusov 
500 |a Obsahuje biografické údaje 
650 0 7 |a počítačová grafika  |2 SNKPH  |9 1829 
650 0 7 |a počítačové systémy  |2 SNKPH  |9 1867 
650 0 7 |a virtuálna realita  |2 SNKPH  |9 1842 
650 0 7 |a Computer graphics  |2 SNKPHeng  |9 268291 
650 0 7 |a Computer systems  |2 SNKPHeng  |9 370177 
650 0 7 |a Virtual reality  |2 SNKPHeng  |9 333863 
655 7 |a CD-ROM  |2 SNKPH  |9 70236 
655 7 |a učebnice vysokých škôl  |2 SNKPH  |9 70191 
655 7 |a Textbooks (higher)  |2 SNKPHeng  |9 276436 
919 |a 978-80-553-3343-4 
999 |c 1040539  |d 1042469 
952 |a SNK  |b SNK  |y PREZ  |7 0  |p 17A1449626  |o snkSCDM 11531  |i snk2021/1043  |8 0  |0 0  |1 0  |4 0  |d 2021-02-25  |l 0  |r 2026-02-24 14:22:20  |w 2026-02-24